An introduction to mathematics for students of economics. (Record no. 1638)

000 -LEADER
fixed length control field 00835cam a22002891 4500
001 - CONTROL NUMBER
control field 9354685
003 - CONTROL NUMBER IDENTIFIER
control field OSt
005 - DATE AND TIME OF LATEST TRANSACTION
control field 20150417101513.0
008 - FIXED-LENGTH DATA ELEMENTS--GENERAL INFORMATION
fixed length control field 730918s1959 enka b 000 0 eng
010 ## - LIBRARY OF CONGRESS CONTROL NUMBER
LC control number 59003490
015 ## - NATIONAL BIBLIOGRAPHY NUMBER
National bibliography number GB59-6490
020 ## - INTERNATIONAL STANDARD BOOK NUMBER
International Standard Book Number 0333073029
035 ## - SYSTEM CONTROL NUMBER
System control number (OCoLC)691194
040 ## - CATALOGING SOURCE
Original cataloging agency DLC
Transcribing agency DLC
Modifying agency NcRS
-- Uk
-- DLC
042 ## - AUTHENTICATION CODE
Authentication code premarc
050 00 - LIBRARY OF CONGRESS CALL NUMBER
Classification number HF5691.L48 1959
082 ## - DEWEY DECIMAL CLASSIFICATION NUMBER
Classification number 511.8
100 1# - MAIN ENTRY--PERSONAL NAME
Personal name Lewis, J. Parry
Fuller form of name (John Parry),
Dates associated with a name 1927-
245 13 - TITLE STATEMENT
Title An introduction to mathematics for students of economics.
260 ## - PUBLICATION, DISTRIBUTION, ETC. (IMPRINT)
Place of publication, distribution, etc London,
-- New York,
Name of publisher, distributor, etc Macmillan,
Date of publication, distribution, etc 1959.
300 ## - PHYSICAL DESCRIPTION
Extent 394 p.
Other physical details illus.
Dimensions 23 cm.
504 ## - BIBLIOGRAPHY, ETC. NOTE
Bibliography, etc Includes bibliography.
650 #0 - SUBJECT ADDED ENTRY--TOPICAL TERM
Topical term or geographic name as entry element Business mathematics.
740 0# - ADDED ENTRY--UNCONTROLLED RELATED/ANALYTICAL TITLE
Uncontrolled related/analytical title Mathematics for students of economics.
906 ## - LOCAL DATA ELEMENT F, LDF (RLIN)
a 7
b cbc
c oclcrpl
d u
e ncip
f 19
g y-gencatlg
942 ## - ADDED ENTRY ELEMENTS (KOHA)
Source of classification or shelving scheme
Koha item type Book
Holdings
Withdrawn status Lost status Source of classification or shelving scheme Damaged status Not for loan Home library Current library Shelving location Date acquired Total Checkouts Full call number Barcode Date last seen Copy number Price effective from Koha item type
          Riara University Library Riara University Library General stack 17/04/2015   HF5691.L48 1959 5609/15 17/04/2015 C.1 17/04/2015 Book

Riara University Library,
P.O. Box 49940-00100,
Nairobi, Kenya.